000 01223nam a2200301 a 4500
005 20160215145009.0
008 090831s2004 ck o gr 00010 spa d
020 _a9588225213
040 _aCO-BoBLA
_cCO-BoBLA
_dCO-BoIAVH
041 0 _aspa
044 _ack
082 0 4 _a333.2
_bL84f
100 1 _aLondoño Toro, Beatriz.
245 1 0 _aFunción ecológica de la propiedad en los resguardos indígenas de Colombia /
_cBeatriz Londoño Toro ... [y otros 4].
260 3 _aBogotá (Colombia) :
_bUniversidad del Rosario,
_c2004.
300 _a160 páginas :
_bfotografías a color ;
_c28 x 21 cm.
504 _aIncluye bibliografía.
650 6 _aResguardos indígenas
_x Aspectos ambientales
_z Colombia.
650 6 _aControl ambiental
_z Colombia.
650 6 _aPoblación indígena
_x Tenencia de la tierra.
_zColombia
650 6 _aPropiedad de la tierra
_x Aspectos ambientales
_z Colombia.
700 1 _aSchütze Páez, Klaus
700 1 _aLagos, Adriana
700 1 _aRodríguez, Gloria Amparo
700 1 _aGutiérrez,Ruth
710 1 _aColombia.
_bMinisterio de Ambiente, Vivienda y Desarrollo Territorial.
942 _2ddc
_cLIBRO
999 _c4399
_d4399